000
00291nam a22001337a 4500
008
170602b xxu||||| |||| 00| 0 eng d
020
_a
2900395904335
041
_a
eng
080
_2
6 ED
_a
94
100
_a
17
101
_a
SHH
245
_a
WESTRN SOCIETY
_c
BUCKLER.M
942
_2
udc
_c
BK
999
_c
15771
_d
15771